| 000 | 01250nac a22003137a 4500 | ||
|---|---|---|---|
| 001 | BR8003514 | ||
| 003 | BR-BrBNA | ||
| 005 | 20240105114717.0 | ||
| 008 | 230509b bl.|||m| |||| 00| 0 por d | ||
| 040 |
_aBR-BrBNA _bpor _cBiblioteca Nacional de Agricultura |
||
| 072 | _aE15; F00 | ||
| 090 | _a0180 BR8003514 | ||
| 110 | 1 |
_aFundacao de Integracao, Desenvolvimento e Educacao do Nordeste do Estado, Ijui, RS (Brasil). Centro de Ciencias Agrarias; _94870 |
|
| 110 | 1 |
_aCooperativa Regional Triticola Serrana Ltda., Ijui, RS (Brasil) _92917 |
|
| 245 | 1 |
_aResultados economicos do cultivo do trigo - 1979 [Triticum spp; Custo de producao; Estatistica de producao; Produtividade; Plantio; Safra; Rio Grande do Sul; Brasil] _bAdministracao rural. Projeto COTRI-CECA |
|
| 260 | 3 |
_aIjui, RS (Brasil): _c1980. |
|
| 300 | _a47 p. | ||
| 490 |
_aEstudos - Fundacao de Integracao, Desenvolvimento e Educacao do Nordeste do Estado (Brazil) _vno. 29 _x |
||
| 500 | _a6 illus.; 20 tables | ||
| 650 | _aTRIGO | ||
| 650 | _aCUSTO | ||
| 650 | _aESTATISTICA DE PRODUCAO | ||
| 650 | _aPRODUTIVIDADE | ||
| 650 | _aPLANTIO | ||
| 650 | _aSAFRA | ||
| 650 | _aRIO GRANDE DO SUL | ||
| 909 |
_a202312 _bLúcia Elande _c55 _dLúcia Elande |
||
| 942 |
_2AGRIS _n0 _cMS |
||
| 999 |
_c270881 _d270881 |
||